| 000 | 00823nas a2200277 4500 | ||
|---|---|---|---|
| 001 | BR2010000203 | ||
| 003 | BR-BrBNA | ||
| 005 | 20231205113821.0 | ||
| 007 | ta | ||
| 008 | 230509b bl.|||p| |||| 00| 00por d | ||
| 040 |
_aBR-BrBNA _bpor _cBiblioteca Nacional de Agricultura |
||
| 041 | _a(Pt) | ||
| 072 | _aF06 | ||
| 100 | 1 | _aSousa, R.F. de | |
| 100 | 1 | _aBarbosa, M.P. | |
| 100 | 1 | _aSousa Júnior, S.P. de | |
| 100 | 1 | _aTerceiro Neto, C.P.C. | |
| 100 | 1 | _aLima, A.N. de | |
| 245 | 1 | _aSolos e classes de terras para irrigação no município de Itaporanga, PB | |
| 650 | _aRECURSO HÍDRICO | ||
| 650 | _aCULTURA IRRIGADA | ||
| 650 | _aPARAÍBA | ||
| 773 | 0 |
_tCaatinga (Brazil) _xISSN 0100-316X _g(2007), v. 20(4) p. 116-122 _wBR2010000203 |
|
| 909 |
_a202311 _bLúcia _c55 _dLúcia Elande |
||
| 942 |
_2AGRIS _n0 _cANA |
||
| 999 |
_c205776 _d205776 |
||